Der K.(u.)K. Offizier : (Titelsatznr. 32648)
[ MARC ]
| 000 -Satzkennung | |
|---|---|
| Kontrollfeld mit fester Länge | 00861nam a22002531c 4500 |
| 001 - Kontrollnummer | |
| Kontrollfeld | a987694942 |
| 008 - Feld mit fester Länge zur physischen Beschreibung - Allgemeine Angaben | |
| Kontrollfeld mit fester Länge | 191001s1991 gw a||| 000u ger d |
| 020 ## - Internationale Standardbuchnummer | |
| Internationale Standardbuchnummer | 320505380x |
| Verknüpfung | 3-205-05380-x |
| 041 ## - Sprachcode | |
| Sprachcode des Textes/der Tonspur oder des separaten Titels | ger |
| 040 ## - Katalogisierungsquelle | |
| Übertragungsstelle | RU-10907106 |
| 003 - Kontrollnummer Identifier | |
| Kontrollfeld | RU-10907106 |
| 100 1# - Haupteintragung - Personenname | |
| Personenname | Deák, István |
| 240 10 - Einheitstitel | |
| Einheitstitel | Beyond Nationalism : A Social and Political History of the Habsburg Officer Corps, 1848-1914 |
| 245 04 - Titel | |
| Titel | Der K.(u.)K. Offizier : |
| Zusatz zum Titel | 1848 - 1918 / |
| Verfasserangabe etc. | István Deák ; Ins Deutsche übertragen von Marie-Therese Pitner |
| 264 ## - Produktion, Veröffentlichung, Distribution, Herstellung und Urheberrechtsvermerk | |
| Herstellungs-, Veröffentlichungs- Vertriebs-, Erzeugungsort | Wien ; Köln ; Wiemar : |
| Produzent, Herausgeber, Distributor, Hersteller | Böhlau, |
| Datum der Herstellung, der Veröffentlichung, des Vertriebs oder des Urheberschutzvermerks | 1991 |
| 300 ## - Physische Beschreibung | |
| Umfang | 333 Seiten : Illustrationen |
| 648 #0 - Nebeneintragung unter einem Schlagwort - Zeitschlagwort | |
| Zeitschlagwort | 1848-1918 |
| 650 #0 - Nebeneintragung unter einem Schlagwort - Sachschlagwort | |
| Sachschlagwort oder geografischer Name als Eintragungselement | Offizier |
| 650 #0 - Nebeneintragung unter einem Schlagwort - Sachschlagwort | |
| Sachschlagwort oder geografischer Name als Eintragungselement | Militär |
| 651 #0 - Nebeneintragung unter einem Schlagwort - Geografischer Name | |
| Geografischer Name | Österreich-Ungarn |
| 700 1# - Nebeneintragung - Personenname | |
| Personenname | Pitner, Marie-Therese |
| Funktionsbezeichnung | UebersetzerIn |
| 710 2# - Nebeneintragung - Körperschaftsname | |
| Körperschafts- oder Gebietskörperschaftsname als Eintragungselement | Bundesministerium für Wissenschaft und Forschung |
| 942 ## - Zusätzliche Felder (Koha) | |
| Koha-Medientyp | Monographien |
| Ausgeschieden | Verloren | Klassifikation oder Aufstellungssystematik | Beschädigt | Nicht entleihbar | Heimatbibliothek | Aufenthaltsbibliothek | Aufstellungsort | Erwerbungsdatum | Inventarnummer | Signatur | Barcode | Letzte Aktivität | Preis gültig von | Koha-Medientyp |
|---|---|---|---|---|---|---|---|---|---|---|---|---|---|---|
| Andere/Generische Klassifikation | MWN Osteuropa | MWN Osteuropa | Lesesaal - 1 | 01/10/2019 | 20-01793 | W 50 E rd Dea | E00401509F9826A8 | 16/03/2021 | 22/03/2021 | Monographien |